Κατάλογος Βιβλιοθηκών Mediterranean College

Advertising International / The Privatisation of Public Space (Record no. 1621)

MARC details
000 -LEADER
fixed length control field 01160cam a22002054a 4500
005 - ΗΜΕΡΟΜΗΝΙΑ ΚΑΙ ΩΡΑ ΤΕΛΕΥΤΑΙΑΣ ΕΝΗΜΕΡΩΣΗΣ
Πεδίο ελέγχου 20250605164014.0
008 - FIXED-LENGTH DATA ELEMENTS--GENERAL INFORMATION
Πεδίο ελέγχου σταθερού μήκους 250528s ||||||||||||||||||||||||d
035 ## - SYSTEM CONTROL NUMBER
System control number 16082
020 ## - ISBN
ISBN 415050642
040 ## - ΠΗΓΗ ΚΑΤΑΛΟΓΟΓΡΑΦΗΣΗΣ
Φορέας πρωτότυπης καταλογογράφησης MC Athens Campus Library
Γλώσσα καταλογογράφησης Ελληνικά, Μοντέρνα (1453-)
Modifying agency MC Athens Campus Library
Κανόνες περιγραφικής καταλογογράφησης AACR2
245 1# - ΤΙΤΛΟΣ ΚΑΙ ΔΗΛΩΣΗ ΥΠΕΥΘΥΝΟΤΗΤΑΣ
Τίτλος Advertising International / The Privatisation of Public Space
260 ## - PUBLICATION, DISTRIBUTION, ETC.
Name of publisher, distributor, etc. Rouledge,
Date of publication, distribution, etc. 1991
300 ## - PHYSICAL DESCRIPTION
Extent 242
505 0# - FORMATTED CONTENTS NOTE
Formatted contents note The Geostrategy of the Networks, Culture Shock, The Limits of the Global Scenario, Media Worlds, The Vanguard of Deregulation, The New Frontier of the Old Continent, Changing Roles, Audience Measurement, Think Tanks, The Spirit of Enterprise, Total Communication, The Weapon of Critisism and the Critisism of Weapons, Notes, Index.
520 ## - SUMMARY, ETC.
Summary, etc. The Geostrategy of the Networks, Culture Shock, The Limits of the Global Scenario, Media Worlds, The Vanguard of Deregulation, The New Frontier of the Old Continent, Changing Roles, Audience Measurement, Think Tanks, The Spirit of Enterprise, Total Communication, The Weapon of Critisism and the Critisism of Weapons, Notes, Index.
700 1# - ΠΡΟΣΘΕΤΗ ΑΝΑΓΡΑΦΗ--ΦΥΣΙΚΟ ΠΡΟΣΩΠΟ
Personal name Mattelart Armand
9 (RLIN) 2122
942 ## - ADDED ENTRY ELEMENTS (KOHA)
Koha item type Books
Holdings
Τύπος τεκμηρίου Βιβλιοθήκη Τρέχουσα τοποθεσία Barcode Αριθμός εισαγωγής Ημερομηνία απόκτησης Ταξιθετικό σύμβολο Αριθμός αντιτύπου Κατάσταση απόσυρσης Κατάσταση χαμένου Κατάσταση κατεστραμμένου Μη δανεισμός Σύνολο δανεισμών Ημερομηνία τελευταίας εμφάνισης Η τιμή ισχύει από
Books MC Athens Campus Library MC Athens Campus Library 9780000016201 2710 05/06/2025 659.1 MAT 1           05/06/2025 05/06/2025

MC Athens Campus Library
Πατησίων 94 & Κοδριγκτώνος 13, 104 34
Πελλήνης 8 & Πατησίων 107, 112 51
Τ: +30 210 8899600

MC Thessaloniki Campus Library
Ίωνος Δραγούμη 21, 54625 | Ίωνος Δραγούμη 15, 54625
Τ: +30 2310 287779 – Τ: +30 2314 440300